<?xml version="1.0" encoding="UTF-8"?><marc:collection xmlns:marc="http://www.loc.gov/MARC21/slim">
  <marc:record>
    <marc:leader>00000nam##2200000za#4500</marc:leader>
    <marc:controlfield tag="001">9.684199</marc:controlfield>
    <marc:controlfield tag="003">CaOODSP</marc:controlfield>
    <marc:controlfield tag="005">20250108143215</marc:controlfield>
    <marc:controlfield tag="007">ta</marc:controlfield>
    <marc:controlfield tag="008">150407|2008||||xxc|||||     f|0| 0 fre|d</marc:controlfield>
    <marc:datafield tag="040" ind1=" " ind2=" ">
      <marc:subfield code="a">CaOODSP</marc:subfield>
      <marc:subfield code="b">fre</marc:subfield>
    </marc:datafield>
    <marc:datafield tag="043" ind1=" " ind2=" ">
      <marc:subfield code="a">n-cn---</marc:subfield>
    </marc:datafield>
    <marc:datafield tag="086" ind1="1" ind2=" ">
      <marc:subfield code="a">Fo104-1/2008F</marc:subfield>
    </marc:datafield>
    <marc:datafield tag="110" ind1="1" ind2=" ">
      <marc:subfield code="a">Canada.</marc:subfield>
      <marc:subfield code="b">Ressources naturelles Canada. </marc:subfield>
      <marc:subfield code="b">Service canadien des forêts.</marc:subfield>
    </marc:datafield>
    <marc:datafield tag="245" ind1="1" ind2="0">
      <marc:subfield code="a">Insectes et maladies s'attaquant a l'arbre de Noël : </marc:subfield>
      <marc:subfield code="b">un guide de terrain / </marc:subfield>
      <marc:subfield code="c">Publié par le Centre de foresterie de l'Atlantique. </marc:subfield>
    </marc:datafield>
    <marc:datafield tag="260" ind1=" " ind2=" ">
      <marc:subfield code="a">Fredericton - Connecticut : </marc:subfield>
      <marc:subfield code="b">Ressources naturelles Canada. </marc:subfield>
      <marc:subfield code="c">c2008.</marc:subfield>
    </marc:datafield>
    <marc:datafield tag="300" ind1=" " ind2=" ">
      <marc:subfield code="a">17p.</marc:subfield>
      <marc:subfield code="b">photographies</marc:subfield>
    </marc:datafield>
    <marc:datafield tag="500" ind1=" " ind2=" ">
      <marc:subfield code="a">Le n° de catalogue (Fo104-1/2008) et l'ISBN (978-0-662-05492-4) imprimés dans cette publication sont incorrects.</marc:subfield>
    </marc:datafield>
    <marc:datafield tag="520" ind1="3" ind2=" ">
      <marc:subfield code="a">Ce guide de poche décrit les insectes et les maladies du sapin baumier et de l’épinette, souvent utilisés pour la production d’arbres de Noël. Il donne une description des insectes nuisibles, dont le diprion du sapin, le puceron des pousses du sapin et la tordeuse des bourgeons de l’épinette, ainsi que des insectes bénéfiques comme les trichogrammes, les tachinaires et les punaises à bouclier. Il traite de différentes maladies, notamment les rouilles des aiguilles du sapin baumier et le rouille-balai de sorcière. Différents renseignements sont présentés pour chaque insecte ou maladie – cycle saisonnier, dommages, détection et surveillance, et lutte.</marc:subfield>
    </marc:datafield>
    <marc:datafield tag="563" ind1=" " ind2=" ">
      <marc:subfield code="a">Reliure à spirale</marc:subfield>
    </marc:datafield>
    <marc:datafield tag="590" ind1=" " ind2=" ">
      <marc:subfield code="a">08-13</marc:subfield>
      <marc:subfield code="b">2008-03-28</marc:subfield>
    </marc:datafield>
    <marc:datafield tag="691" ind1="0" ind2="7">
      <marc:subfield code="a">Insecte</marc:subfield>
      <marc:subfield code="2">gcpds</marc:subfield>
    </marc:datafield>
    <marc:datafield tag="691" ind1="0" ind2="7">
      <marc:subfield code="a">Maladie des plantes</marc:subfield>
      <marc:subfield code="2">gcpds</marc:subfield>
    </marc:datafield>
    <marc:datafield tag="775" ind1="0" ind2="8">
      <marc:subfield code="t">Christmas tree insects and diseases : </marc:subfield>
      <marc:subfield code="w">(CaOODSP)9.651154</marc:subfield>
    </marc:datafield>
    <marc:datafield tag="776" ind1="0" ind2="#">
      <marc:subfield code="t">Insectes et maladies s'attaquant a l'arbre de Noël : </marc:subfield>
      <marc:subfield code="w">(CaOODSP)9.946637</marc:subfield>
    </marc:datafield>
  </marc:record>
</marc:collection>
